000 01116cam a22001934a 4500
005 20250605164203.0
008 250528s ||||||||||||||||||||||||d
035 _a19820
020 _a9603901040
040 _aGR-AtMCL
_bgre
_dGR-AtMCL
_eAACR2
245 1 _aΧρηματιστηριακή Διοίκηση - Λειτουργία
260 _bInterbooks,
_c2002
300 _a224
520 _aΠρόλογος, Στοιχεία Οργάνωσης και Διοίκησης του ΧΑΑ, Αντικείμενο και Χαρακτηριστικά των Χρηματιστηριακών Συναλλαγών στο ΧΑΑ, Μέθοδοι Επιλογής Χρηματιστηριακών Τίτλων, Θεσμικοί Επενδυτές, Παράγωγα Προϊόντα και Χρηματιστήριο Παραγώγων Αθηνών (ΧΠΑ), Ενημέρωση και Επενδυτικές Προτάσεις, Βιβλιογραφία, Απαντήσεις Ερωτήσεων.
700 1 _aΝτελμπεντέρης Νικόλαος Θ
_95996
942 _cBK
999 _c5067
_d5067